01027 2200289 4500001002100000005001500021035002000036007000300056008004100059040001700100082001600117084001800133090002000151245015000171260008800321300003100409500006400440500003800504650002200542850001200564041001300576710006700589100002300656990001800679990002000697990002000717INLIS00000000079342120240910082844 a0010-0718000409ta180713s2017 yoi g ind d aYOPDYOGbind04223a899.222 a899.222 KEM d aL 899.222 KEM d1 aDipanegara :bseorang tokoh sejarah tipe hamlet /cP.H. Van der Kemp; alih bahasa, Badan Perpustakaan dan Arsip Daerah Daerah Istimewa Yogyakarta3 aYogyakarta :bBadan Perpustakaan dan Arsip Daerah Daerah Istimewa Yogyakarta,c2017 a[ii], 247 halaman ;c29 cm aTeks dalam bahasa Indonesia, diterjemahkan dari Bahasa Jawa aYang diterima jilid 46 tahun 1896 4aKesusastraan Jawa aYOPDYOG1 aindhjav2 aBadan Perpustakaan dan Arsip Daerah Daerah Istimewa Yogyakarta1 aKemp, P.H. Van der a59330-PD/A.18 a72727-PD/A.2024 a72728-PD/A.2024